000 00710nam a2200181Ia 4500
008 090124s9999 xx 000 0 und d
082 _b25763
_a2780
100 _aकाळे व.पु. (वसंत पुरुषोत्तम)
245 _a सांगे वडिलांची कीर्ती
250 _a2
260 _c1988
300 _a136
600 _aकाळे व.पु. (वसंत पुरुषोत्तम)
630 _a सांगे वडिलांची कीर्ती
700 _aकाळे व.पु. (वसंत पुरुषोत्तम)
730 _a सांगे वडिलांची कीर्ती
942 _cBOOK
999 _c139263
_d139263